• 首页
  • 本馆介绍
  • 公告通知
  • 最新文献
  • 馆藏检索
  • 电子资源
  • 读者导购
  • 参考咨询
  • 我的图书馆
  • 登录
  • 详细信息显示
  • 放入我的书架
  • 预约/预借图书
  • 作者相关作品
  • 分类相关作品
  • 丛书相关作品
  • 出版社相关作品

书目信息

  • 表格格式
  • 工作单格式
  • 卡片格式
题名:
实用软包装复合加工技术
    
 
作者: 伍秋涛 编著
分册:  
出版信息: 北京   化学工业出版社  2008
页数: 158页
开本: 26cm
丛书名:
单 册:
中图分类: TB484
科图分类:
主题词: 复合材料--包装材料--生产工艺 , 复合材料 , 包装材料
电子资源:
ISBN: 978-7-122-02033-8
000 00895nam0 2200265 45
001 1029908882
005 20100429093744.42
010    @a978-7-122-02033-8@dCNY28.00
100    @a20100420d2008 em y0chiy50 ea
101 0  @achi
102    @aCN@b110000
105    @aa z 000yy
106    @ar
200 1  @a实用软包装复合加工技术@AShi Yong Ruan Bao Zhuang Fu He Jia Gong Ji Shu@f伍秋涛编著@FWu Qiu Tao Bian Zhu
210    @a北京@c化学工业出版社@d2008
215    @a158页@c图@d26cm
330    @a本书主要从胶黏理论、原辅材料、复合工艺过程、质量问题解析、生产应用实例等方面对软包装复合加工中应用最广泛的干式复合、挤出复合技术作了全面详细的阐述。
606 0  @a复合材料@x包装材料@x生产工艺
606 0  @a复合材料
606 0  @a包装材料
610 0  @a软包装
690    @aTB484@v4
701  0 @a伍秋涛@AWu Qiu Tao@4编著
801  0 @aCN@bTANGWEI@c20100429
905    @b0594118-22@dTB484@e211@f5
    
    实用软包装复合加工技术/伍秋涛编著.-北京:化学工业出版社,2008
    158页:图;26cm
    
    
    ISBN 978-7-122-02033-8:CNY28.00
    本书主要从胶黏理论、原辅材料、复合工艺过程、质量问题解析、生产应用实例等方面对软包装复合加工中应用最广泛的干式复合、挤出复合技术作了全面详细的阐述。
●
相关链接 在E读中查询图书 在五车中查询图书 在当当中查询图书 在豆瓣中查询图书


正题名:实用软包装复合加工技术     索取号:TB484/211         预约/预借

序号 登录号 条形码 馆藏地/架位号 状态 备注
1 0594118   205941187   第二样本阅览室/ [索取号:TB484/211] 在馆    
2 0594119   205941196   第三借阅区/ [索取号:TB484/211] 在馆    
3 0594120   205941203   第三借阅区/ [索取号:TB484/211] 在馆    
4 0594121   205941212   第三借阅区/ [索取号:TB484/211] 在馆    
5 0594122   205941221   第三借阅区/ [索取号:TB484/211] 在馆    
唐山师范学院图书馆 欢迎您!
大连网信软件有限公司© 版权所有